000 00672nam a2200289Ia 4500
005 20260324120830.0
008 008 260324s9999 xx 000 0 eng d
020 _a9781315858197
037 _aEBOOK
040 _aCRL
040 _beng
040 _cCRL
041 _2eng
041 _aeng
084 _qCRL
100 _aJohn Clammer
245 0 _aVision and Society
245 0 _bTowards a Sociology and Anthropology from Art
260 _bTaylor and Francis
260 _c2014
365 _a
365 _b240
856 _uhttp://www.taylorfrancis.com/books/9781315858197
942 _cEBOOK
999 _c1751871
_d1751871